000 00376nam a2200157Ia 4500
003 Ost
005 20260225132540.0
008 260225s9999||||xx |||||||||||||| ||und||
040 _cfsic
041 _afre
082 _a302.23
100 _aFrançois xavier alix
_eAuteur
245 0 _aUne éthique pour l'information /
245 0 _cFrançois xavier alix
942 _cكتاب
999 _c33457
_d33457